Giáo trình ưu đãi xã hội
Một số lí luận cơ bản về ưu đãi xã hội. Sự hình thành và phát triển của hệ thống chính sách ưu đãi xã hội đối với người có công với cách mạng, với thương binh liệt sĩ... Giới thiệu thể chế tổ chức và đội ngũ cán bộ thực hiện chính sách ưu đãi xã hội...
Spremljeno u:
| Glavni autor: | |
|---|---|
| Format: | Knjiga |
| Jezik: | Vietnamese |
| Izdano: |
H.
Lao động Xã hội
2009
|
| Teme: | |
| Oznake: |
Dodaj oznaku
Bez oznaka, Budi prvi tko označuje ovaj zapis!
|
| Thư viện lưu trữ: | Mạng thư viện Đại học Đà Nẵng |
|---|
| LEADER | 01710aam a22003978a 4500 | ||
|---|---|---|---|
| 001 | 000016515 | ||
| 003 | 12917 | ||
| 005 | 20121109081128.0 | ||
| 008 | 121109s2009 viesd | ||
| 020 | |c 40000 |d 1000b | ||
| 041 | 0 | |a vie | |
| 082 | 1 | 4 | |2 14 |a 361.61071 |b BU-C |
| 100 | 1 | |a Bùi Thị Chớm | |
| 245 | 1 | 0 | |a Giáo trình ưu đãi xã hội |c Bùi Thị Chớm ch.b. |
| 260 | |a H. |b Lao động Xã hội |c 2009 | ||
| 300 | |a 251tr. |b bảng |c 24cm | ||
| 500 | |a ĐTTS ghi: Trường đại học Lao động Xã hội | ||
| 504 | |a Phụ lục: tr. 227-244. - Thư mục: tr. 245-247 | ||
| 520 | |a Một số lí luận cơ bản về ưu đãi xã hội. Sự hình thành và phát triển của hệ thống chính sách ưu đãi xã hội đối với người có công với cách mạng, với thương binh liệt sĩ... Giới thiệu thể chế tổ chức và đội ngũ cán bộ thực hiện chính sách ưu đãi xã hội | ||
| 650 | 7 | |2 Bộ TK TVQG |a Liệt sĩ | |
| 650 | 7 | |2 Bộ TK TVQG |a Thương binh | |
| 650 | 7 | |2 Bộ TK TVQG |a Người có công | |
| 650 | 7 | |2 Bộ TK TVQG |a Ưu đãi | |
| 650 | 7 | |2 Bộ TK TVQG |a Trợ cấp xã hội | |
| 653 | |a giáo trình | ||
| 655 | 7 | |2 Bộ TK TVQG |a Giáo trình | |
| OWN | |a LSP | ||
| AVA | |a UDN50 |b LSP |d 361.61071 BU-C |e available |t Error 5001 Not defined in file expand_doc_bib_avail. |f 9 |g 0 |h N |i 3 |k 1 | ||
| 999 | |a From the UDN01 | ||
| AVA | |a UDN50 |b LSP |d 361.61071 BU-C |e available |t Error 5001 Not defined in file expand_doc_bib_avail. |f 9 |g 0 |h N |i 3 |k 1 | ||
| TYP | |a Monograph | ||
| TYP | |a Printed language | ||
| 980 | |a Mạng thư viện Đại học Đà Nẵng | ||